-al -el or -le? Quiz Stats

 Plays Quiz Updated Jul 18, 2018

Also try: -ar -er or -or?
Challenge
Share
Tweet
Embed
Score 0/16 Timer 03:00
3 Plays Today
Stem Answer % Correct
bund???
94.1%
cand???
93.9%
cobb???
92.3%
propos???
92%
can???
87.7%
vand???
87.7%
fract???
86.5%
scand???
83.9%
Stem Answer % Correct
yod???
83%
lad???
82.4%
bab???
71.8%
sid???
70%
strud???
60.3%
decib???
55.8%
rond???
46%
pound???
33.8%

You're not logged in!

Compare scores with friends on all Sporcle quizzes.
OR
Log In

You Might Also Like...

Show Comments

Extras

Top Quizzes Today


Score Distribution

Your Account Isn't Verified!

In order to create a playlist on Sporcle, you need to verify the email address you used during registration. Go to your Sporcle Settings to finish the process.

Report this User

Report this user for behavior that violates our Community Guidelines.

Details: